000 00632cam a2200217 4500
001 WB3604-11
008 000000n2000 000 0 eng u
035 _a(Sirsi) u103838
245 _aShops and jobs to improve city
260 _c2000
490 _aYorkshire Post
_v 27 January 2000, 8(1)
520 _aA KPMG report has radical plans to increase retail development and bring new jobs to Sheffield city centre.
590 _aWB
650 _aREGENERATION
650 _aSHEFFIELD
650 _aCITY CENTRE
650 _aRETAIL DEVELOPMENT
650 _aKPMG
690 _aPROPERTY-PROPERTY DEVELOPMENT
942 _n0
999 _c62352
_d62352